Nghiên cứu sự hài lòng của nhân viên ảnh hưởng đến sự hài lòng của khách hàng doanh nghiệp đối với dịch vụ tài chính trong hệ thống ngân hàng thương mại : Luận văn tốt nghiệp Cao học. Chuyên ngành Quản trị kinh doanh

Nghiên cứu sự hài lòng của nhân viên ảnh hưởng đến sự hài lòng của khách hàng doanh nghiệp đối với dịch vụ tài chính trong hệ thống ngân hàng thương mại (NHTM); từ đó đề xuất các hàm ý quản trị nhằm nâng cao sự hài lòng của khách hàng d...

詳細記述

保存先:
書誌詳細
第一著者: Võ, Thanh Trúc
フォーマット: 図書
言語:Undetermined
出版事項: Cần Thơ Trường Đại học Cần Thơ 2019
主題:
タグ: タグ追加
タグなし, このレコードへの初めてのタグを付けませんか!
Thư viện lưu trữ: Trung tâm Học liệu Trường Đại học Cần Thơ
LEADER 01402nam a2200217Ia 4500
001 CTU_231792
008 210402s9999 xx 000 0 und d
082 |a 332.12 
082 |b Tr506 
088 |a 8340101 
100 |a Võ, Thanh Trúc 
245 0 |a Nghiên cứu sự hài lòng của nhân viên ảnh hưởng đến sự hài lòng của khách hàng doanh nghiệp đối với dịch vụ tài chính trong hệ thống ngân hàng thương mại : 
245 0 |b Luận văn tốt nghiệp Cao học. Chuyên ngành Quản trị kinh doanh 
245 0 |c Võ Thanh Trúc ; Nguyễn Quốc Nghi (Cán bộ hướng dẫn) 
260 |a Cần Thơ 
260 |b Trường Đại học Cần Thơ 
260 |c 2019 
520 |a Nghiên cứu sự hài lòng của nhân viên ảnh hưởng đến sự hài lòng của khách hàng doanh nghiệp đối với dịch vụ tài chính trong hệ thống ngân hàng thương mại (NHTM); từ đó đề xuất các hàm ý quản trị nhằm nâng cao sự hài lòng của khách hàng doanh nghiệp đối với dịch vụ tài chính. 
650 |a Banks and banking,Ngân hàng và hoạt động ngân hàng 
910 |b nthai 
980 |a Trung tâm Học liệu Trường Đại học Cần Thơ